Podnikové reštrukturalizácie z pohľadu transferového oceňovania

Informácia o zmene Smernice o transferovom oceňovaní pre nadnárodné spoločnosti a správu daní v súvislosti s aplikáciou princípov ferového oceňovania pri podnikových reštrukturalizáciách.

Gespeichert in:
Bibliographische Detailangaben
1. Verfasser: Slivková, Dana
Format: Buchkapitel
Sprache:Slowakisch
Schlagworte:
Tags: Tag hinzufügen
Keine Tags, Fügen Sie das erste Tag hinzu!

MARC

LEADER 00000naa a2200000 4500
001 0157497
005 20231208085246.6
041 0 |a slo 
044 |a SK 
245 1 0 |a Podnikové reštrukturalizácie z pohľadu transferového oceňovania  |c Dana Slivková 
520 |a Informácia o zmene Smernice o transferovom oceňovaní pre nadnárodné spoločnosti a správu daní v súvislosti s aplikáciou princípov ferového oceňovania pri podnikových reštrukturalizáciách. 
610 2 0 |a reštrukturalizácia 
610 2 0 |a podnik 
610 2 0 |a smernice 
610 2 0 |a správa daňová 
610 2 0 |a oceňovanie transferové 
100 1 |a Slivková, Dana